Sobre los límites de la conciencia humanitaria : (Registro nro. 116730)
[ vista simple ]
| 000 -LEADER | |
|---|---|
| fixed length control field | 00676nam a22001937a 4500 |
| 005 - DATE AND TIME OF LATEST TRANSACTION | |
| control field | 20160516123854.0 |
| 008 - FIXED-LENGTH DATA ELEMENTS--GENERAL INFORMATION | |
| fixed length control field | 160516b ck||||| |||| 00| 0 spa d |
| 020 ## - INTERNATIONAL STANDARD BOOK NUMBER | |
| International Standard Book Number | 9583505331 |
| 050 04 - LIBRARY OF CONGRESS CALL NUMBER | |
| Classification number | JC599 .L3 |
| Item number | O76 2005 |
| 100 1# - MAIN ENTRY--PERSONAL NAME | |
| Personal name | Orozco Abad, Iván |
| 245 10 - TITLE STATEMENT | |
| Title | Sobre los límites de la conciencia humanitaria : |
| Remainder of title | dilemas de la paz y la justicia en América Latina / |
| Statement of responsibility, etc | Iván Orozco Abad |
| 250 ## - EDITION STATEMENT | |
| Edition statement | 1a ed. |
| 260 ## - PUBLICATION, DISTRIBUTION, ETC. (IMPRINT) | |
| Place of publication, distribution, etc | Bogotá, Colombia : |
| Name of publisher, distributor, etc | Editorial Temis : Universidad de Los Andes, |
| Date of publication, distribution, etc | 2005 |
| 300 ## - PHYSICAL DESCRIPTION | |
| Extent | 375 p. ; |
| Dimensions | 24 cm. |
| 650 #4 - SUBJECT ADDED ENTRY--TOPICAL TERM | |
| Topical term or geographic name as entry element | Reconciliación |
| General subdivision | Aspectos políticos |
| 650 #4 - SUBJECT ADDED ENTRY--TOPICAL TERM | |
| Topical term or geographic name as entry element | La justicia restaurativa |
| 650 #4 - SUBJECT ADDED ENTRY--TOPICAL TERM | |
| Topical term or geographic name as entry element | Política y gobierno |
| 942 ## - ADDED ENTRY ELEMENTS (KOHA) | |
| Source of classification or shelving scheme | Biblioteca del Cogreso de los Estados Unidos |
| Koha item type | Libro |
| Estado de pérdida | Fuente de clasificación | Estado del daño | No para préstamo | Ubicación permanente | Ubicación actual | Apartado o colección | Fecha de adquisición | Edición | Área del conocimiento | Total Checkouts | Clasificación | Código de Barras | Date last seen | Date checked out | Número de copia | Tipo de recurso |
|---|---|---|---|---|---|---|---|---|---|---|---|---|---|---|---|---|
| Biblioteca del Cogreso de los Estados Unidos | Biblioteca de la Facultad de Filosofía | Biblioteca de la Facultad de Filosofía | General | 16/05/2016 | 1a ed | Educación y Humanidades | 1 | JC599 .L3 O76 2005 | BFF000016193 | 01/02/2023 | 30/01/2023 | 1 | Libro |